Architectural drafting and design
Bewaard in:
| Hoofdauteur: | |
|---|---|
| Formaat: | Boek |
| Taal: | Undetermined |
| Gepubliceerd in: |
New York
Thomson
2006
|
| Onderwerpen: | |
| Tags: |
Voeg label toe
Geen labels, Wees de eerste die dit record labelt!
|
| Thư viện lưu trữ: | Trung tâm Học liệu Trường Đại học Cần Thơ |
|---|
| LEADER | 00583nam a2200205Ia 4500 | ||
|---|---|---|---|
| 001 | CTU_100274 | ||
| 008 | 210402s9999 xx 000 0 und d | ||
| 020 | |c 1625000 | ||
| 082 | |a 720.284 | ||
| 082 | |b J45 | ||
| 100 | |a Jefferis, Alan | ||
| 245 | 0 | |a Architectural drafting and design | |
| 245 | 0 | |c Alan Jefferis, David A. Madsen | |
| 260 | |a New York | ||
| 260 | |b Thomson | ||
| 260 | |c 2006 | ||
| 650 | |a Architectural drawing,Architectural design | ||
| 904 | |i Vương | ||
| 910 | |a Sách kèm đĩa: AV.001842 | ||
| 980 | |a Trung tâm Học liệu Trường Đại học Cần Thơ | ||